[Event "4NCL 2019-20"]
[Site "Daventry"]
[Date "2020.02.08"]
[Round "5"]
[White "Houska, Jovanka"]
[Black "O'Toole, George E"]
[Result "1-0"]
[WhiteElo "2401"]
[BlackElo "2252"]
[Annotator "NA"]
[PlyCount "70"]
[EventDate "2020.01.11"]
[EventCountry "ENG"]
[SourceTitle "playchess.com"]
[Source "ChessBase"]
[SourceQuality "1"]
[TimeControl "40/6000:3000+30"]

1. d4 {[%emt 0:00:00]} Nf6 {[%emt 0:00:00]} 2. Nf3 {[%emt 0:00:00]} g6 {[%emt 0:00:00]} 3. Nbd2 {[%emt 0:00:00]} Bg7 {[%emt 0:01:50]} 4. e4 {[%emt 0:00:00]} d6 {[%emt 0:00:11]} 5. Bb5+ {[%emt 0:00:00]} c6 {[%emt 0:00:05]} 6. Bd3 {[%emt 0:00:00]} O-O {[%emt 0:00:00]} 7. O-O {[%emt 0:00:00]} c5 {[%emt 0:02:23]} 8. c3 {[%emt 0:00:00]} cxd4 {[%emt 0:00:11]} 9. cxd4 {[%emt 0:00:00]} Nc6 {[%emt 0:03:23] B07: Pirc Defence: Miscellaneous Systems.} 10. d5 {[%emt 0:02:11]} Nb4 {[%emt 0:05:05]} 11. Bc4 {[%emt 0:10:59]} a5 {[%emt 0:05:37]} 12. Re1 {[%emt 0:01:56] [#]} a4 $146 {[%emt 0:05:34]} ({Predecessor:} 12... Bg4 13. a3 Na6 14. h3 Bxf3 15. Nxf3 Nc5 16. e5 dxe5 17. Nxe5 Nfe4 18. Bf4 Qb6 19. Re2 Rac8 {½-½ (18) Horvath,C (2510)-Gledura,B (2621) Budapest 2018}) 13. a3 {[%emt 0:02:19]} Na6 {[%emt 0:05:15]} 14. Qxa4 {[%emt 0:05:42]} Bd7 {[%emt 0:02:57]} 15. Qd1 {[%emt 0:01:37]} b5 {[%emt 0:00:00]} 16. Bd3 {[%emt 0:03:17]} Qc7 {[%emt 0:09:15]} 17. Nb3 {[%emt 0:01:53]} Ng4 {[%emt 0:03:22]} 18. h3 {[%emt 0:08:40]} Ne5 {[%emt 0:08:55]} 19. Nxe5 {[%emt 0:00:41]} Bxe5 {[%emt 0:00:00]} 20. Qe2 {[%emt 0:01:44]} Rfb8 {[%emt 0:02:18]} (20... Nc5 $14 21. Qc2 Rfc8) 21. Be3 {[%emt 0:00:00]} h5 {[%emt 0:00:50]} 22. Rec1 {[%emt 0:05:26]} Qd8 {[%emt 0:00:00]} 23. Nd4 {[%emt 0:06:03]} Nc5 {[%emt 0:00:28]} 24. Nc6 {[%emt 0:00:45]} Bxc6 {[%emt 0:04:25]} 25. dxc6 {[%emt 0:00:00]} Bxb2 {[%emt 0:01:38]} 26. Qxb2 {[%emt 0:15:01]} Nxd3 {[%emt 0:00:00]} 27. Qc2 {[%emt 0:00:00]} Nc5 $16 {[%emt 0:00:00]} 28. Bxc5 {[%emt 0:00:00]} dxc5 {[%emt 0:00:00]} 29. Qxc5 {[%emt 0:00:00]} Qc7 {[%emt 0:00:00]} 30. Rab1 {[%emt 0:12:22]} Ra5 {[%emt 0:03:52]} 31. Rb4 {[%emt 0:02:15]} Rb6 {[%emt 0:01:08]} 32. a4 {[%emt 0:00:37]} Rxa4 {[%emt 0:02:57]} 33. Rxa4 {[%emt 0:00:00]} bxa4 {[%emt 0:00:00]} 34. Qxb6 {[%emt 0:00:00]} Qxb6 {[%emt 0:00:00]} 35. c7 {[%emt 0:00:00]} Qb1 {[%emt 0:00:00]} 1-0

[Event "4NCL 2019-20"]
[Site "Daventry"]
[Date "2020.02.08"]
[Round "5"]
[White "Wadsworth, Matthew J"]
[Black "Parligras, Mircea-Emilian"]
[Result "1-0"]
[WhiteElo "2401"]
[BlackElo "2600"]
[Annotator "TA"]
[PlyCount "109"]
[EventDate "2020.01.11"]
[EventCountry "ENG"]
[SourceTitle "playchess.com"]
[Source "ChessBase"]
[SourceQuality "1"]

{[%evp 20,109,14,-10,4,0,7,-15,5,12,22,18,35,42,41,21,41,39,49,46,100,57,81,68,68,47,56,17,11,0,9,22,27,0,0,-25,22,16,21,18,25,0,0,0,0,0,0,0,0,0,62,39,8,0,0,0,0,0,0,0,0,0,0,0,57,70,474,474,441,395,882,793,873,873,872,871,840,816,801,784,1052,1183,1001,878,1635,1550,4618,4618,5118,5114,5057,4610]} 1. Nf3 d5 2. b3 c5 3. e3 Nc6 4. Bb2 Nf6 5. Bb5 Bd7 6. O-O e6 7. d3 Be7 8. Bxc6 Bxc6 9. Ne5 Rc8 10. Nd2 O-O 11. f4 d4 {A03: Bird's Opening with 1...d5.} 12. e4 Nd7 13. Qg4 f5 {[#] The position is equal.} 14. Nxc6 $146 ({Predecessor:} 14. Qe2 Nxe5 15. fxe5 b5 16. exf5 exf5 17. Nf3 Qb6 18. Rae1 Bd5 19. Bc1 Rc6 20. Bf4 {0-1 (37) Epstein,A (2012)-Belaja,N (2121) St Petersburg 2001}) 14... Rxc6 15. Qf3 g6 16. Rae1 Bf6 17. Nc4 Qc7 18. a4 {[%cal Ba2a4,Ba4a5][%mdl 32]} Kh8 19. Re2 Bg7 (19... fxe4 $14 20. Rxe4 (20. Qxe4 Bg7 $14) 20... Nb6) 20. e5 Qb8 21. a5 Ra6 22. b4 b5 23. Nd6 {aiming for bxc5.} cxb4 24. Qf2 Rxd6 25. exd6 Qxd6 26. Rfe1 Re8 27. Rb1 Nb8 28. Bc1 a6 29. Bd2 Nc6 30. Qe1 {[%cal Rd2b4]} Bf8 31. h3 Qd5 32. g4 Bd6 33. gxf5 Qxf5 34. Qg3 Rf8 (34... Ne7 $11) 35. Qg2 Ne7 36. Rbe1 Nd5 37. Rxe6 Bxf4 38. Re8 {Qxd5! is the strong threat.} Be3+ 39. Bxe3 dxe3 40. Rxf8+ Qxf8 $11 {[%mdl 4096] Endgame KQR-KQN} 41. Kh1 $36 {[%mdl 2048] White has the initiative.} Qf5 ({Better is} 41... Qc8 $11) 42. Rf1 $1 $14 {[%cal Rf1f5][%mdl 1024] White has compensation.} Nf4 $2 {[%mdl 8192]} (42... Qh5 $14) 43. Qa8+ $18 {[%mdl 64] [#] Double Attack} Kg7 44. Qa7+ {[%mdl 64] Double Attack} Kf6 $2 (44... Kh6 45. Qxe3 g5) 45. Qd4+ {White is clearly winning.} Kg5 {[#]} 46. h4+ $1 {[%mdl 512]} Kg4 (46... Kxh4 47. Rxf4+) 47. Qxe3 Qd5+ 48. Qe4 Qxe4+ 49. dxe4 {KR-KN} g5 50. hxg5 Kxg5 51. e5 {Hoping for Rxf4!} Ne6 52. Rf6 Nd4 53. Rxa6 Nxc2 54. Rd6 b3 55. Rd3 {Accuracy: White = 87%, Black = 60%.} 1-0

[Event "4NCL 2019-20"]
[Site "Daventry"]
[Date "2020.02.08"]
[Round "5"]
[White "Wells, Peter K"]
[Black "Maciol, Ryszard"]
[Result "1-0"]
[WhiteElo "2390"]
[BlackElo "2158"]
[Annotator "ChessBase"]
[PlyCount "71"]
[EventDate "2020.01.11"]
[EventCountry "ENG"]
[SourceTitle "playchess.com"]
[Source "ChessBase"]
[SourceQuality "1"]
[TimeControl "40/6000:3000+30"]

1. d4 {[%emt 0:00:00]} e6 {[%emt 0:00:00]} 2. c4 {[%emt 0:00:00]} Nf6 {[%emt 0:00:00]} 3. Nc3 {[%emt 0:00:00]} Bb4 {[%emt 0:00:00]} 4. e3 {[%emt 0:00:28]} c5 {[%emt 0:00:00]} 5. Bd3 {[%emt 0:00:45]} O-O {[%emt 0:00:00]} 6. Nf3 {[%emt 0:01:07]} d5 {[%emt 0:00:00]} 7. O-O {[%emt 0:00:00]} dxc4 {[%emt 0:00:00]} 8. Bxc4 {[%emt 0:00:00]} Nc6 {[%emt 0:00:17]} 9. a3 {[%emt 0:13:12]} Bxc3 {[%emt 0:01:20]} 10. bxc3 {[%emt 0:00:00]} Qc7 {[%emt 0:00:00]} 11. Bb2 {[%emt 0:09:12]} e5 {[%emt 0:02:42]} 12. h3 {[%emt 0:02:11]} Bf5 {[%emt 0:09:17]} 13. Ba2 {[%emt 0:04:35]} Rad8 {[%emt 0:07:32]} 14. Qe2 {[%emt 0:04:27]} Rfe8 {[%emt 0:04:03]} 15. Rfd1 {[%emt 0:18:38]} e4 {[%emt 0:09:18]} 16. Nh2 {[%emt 0:03:34]} Nd7 {[%emt 0:14:51]} 17. c4 {[%emt 0:14:17]} cxd4 {[%emt 0:10:44]} 18. exd4 {[%emt 0:00:47]} Nb6 {[%emt 0:00:26]} 19. Rac1 {[%emt 0:00:41]} Qe7 {[%emt 0:03:02]} 20. Qe3 {[%emt 0:03:03]} Rd7 {[%emt 0:05:32]} 21. Nf1 {[%emt 0:07:10]} Bg6 {[%emt 0:06:29]} 22. Ba1 {[%emt 0:03:02]} Qh4 {[%emt 0:03:50]} 23. d5 {[%emt 0:02:13]} Ne5 {[%emt 0:05:49]} 24. c5 {[%emt 0:00:08]} Nc8 {[%emt 0:00:35]} 25. Ng3 {[%emt 0:06:19]} Rde7 {[%emt 0:04:20]} 26. d6 {[%emt 0:02:38]} Rd7 {[%emt 0:00:00]} 27. Qc3 {[%emt 0:00:50]} Kh8 {[%emt 0:01:28]} 28. Bd5 {[%emt 0:00:03]} f5 {[%emt 0:00:50]} 29. Bxb7 {[%emt 0:00:00]} Rxb7 {[%emt 0:02:26]} 30. c6 {[%emt 0:00:00]} Rf7 {[%emt 0:03:30]} 31. d7 {[%emt 0:00:00]} Rd8 {[%emt 0:01:02]} 32. dxc8=Q {[%emt 0:00:00]} Nf3+ {[%emt 0:00:00]} 33. gxf3 {[%emt 0:00:00]} Rxc8 {[%emt 0:00:00]} 34. Rd7 {[%emt 0:00:06]} Rxd7 {[%emt 0:00:00]} 35. cxd7 {[%emt 0:00:00]} Rg8 {[%emt 0:00:00]} 36. Qxg7+ {[%emt 0:00:00]} 1-0

[Event "4NCL 2019-20"]
[Site "Daventry"]
[Date "2020.02.08"]
[Round "5"]
[White "Willow, Jonah B"]
[Black "French, Max"]
[Result "0-1"]
[WhiteElo "2377"]
[BlackElo "2168"]
[Annotator "TA"]
[PlyCount "109"]
[EventDate "2020.01.11"]
[EventCountry "ENG"]
[SourceTitle "playchess.com"]
[Source "ChessBase"]
[SourceQuality "1"]

{[%evp 14,109,6,8,27,19,19,19,17,19,29,25,17,14,25,0,0,-2,0,0,0,-17,0,0,0,0,0,0,0,0,0,-39,-30,-34,0,-34,0,0,0,0,15,0,0,0,0,0,0,20,14,0,20,0,0,-2,0,-41,-12,-75,0,-21,0,-31,-58,-34,0,0,0,-272,-159,-155,-156,-162,-138,-493,-272,-272,-272,-272,-272,-272,-272,-496,-269,-262,-262,-365,-365,-344,-303,-303,-285,-273,-286,-278,-277,-338,-354,-1835]} 1. e4 c6 2. d4 d5 3. Nc3 dxe4 4. Nxe4 Bf5 5. Nc5 b6 6. Nb3 Nf6 7. Nf3 e6 8. g3 Bd6 {B18: Classical Caro-Kann: 4...Bf5 sidelines.} 9. Bg2 O-O 10. O-O Nbd7 {The position is equal.} 11. Re1 Qc7 12. Nbd2 {[%cal Bb3d2,Bd2c4,Bc4e5][%mdl 32]} b5 13. a4 Rac8 {[#]} 14. c4 $146 ({Predecessor:} 14. c3 Rfe8 15. Qb3 a6 16. axb5 axb5 17. Nh4 Bg4 18. Ne4 Nxe4 19. Rxe4 Bh5 20. Re1 {1-0 (51) Gaponenko,I (2429)-Lei,T (2488) Khanty-Mansiysk 2017}) 14... bxc4 15. Nxc4 Be4 16. Bd2 Nb6 17. Nce5 c5 18. dxc5 Bxc5 19. b4 Bd6 20. Ng4 Nbd5 21. Nxf6+ Nxf6 22. Rc1 Qb7 23. b5 Bc5 24. Be3 Rcd8 25. Qe2 Bxe3 26. fxe3 Nd5 27. Ne5 Bxg2 28. Qxg2 a6 29. Nc6 Ra8 {[%cal Bd8a8,Ba8a4,Ba4a3][%mdl 32]} 30. e4 Nf6 31. Rb1 axb5 {Hoping for ...Qb6+.} 32. axb5 Ra4 33. Rb2 Rfa8 34. h3 Ra3 35. Rf1 (35. Kh2 $11) 35... R8a4 (35... Rc3 $17 {Threatens to win with ...Raa3.} 36. Rf3 Rc5) 36. e5 Ne4 $36 {[%mdl 2048] Black has some pressure.} 37. Rf3 Qb6+ 38. Kh2 Ng5 39. Rxa3 Rxa3 40. Rb1 $2 {[%mdl 8192]} (40. Qf2 $11 Qxf2+ 41. Rxf2) 40... Nf3+ ({Better is} 40... Qe3 $19 {Strongly threatening ...Rd3.} 41. Nb4 Nf3+ {[%mdl 64] Double Attack} 42. Kh1 Rb3) 41. Kh1 $17 Qe3 42. Rf1 g6 {And now ...Ne1 would win.} (42... Nxe5 43. b6 $1 $11 {[%mdl 512]}) 43. Nb4 $2 {[%mdl 8192]} (43. b6 $17 {was the crucial defense.} Ne1 44. b7) 43... Rb3 (43... Ne1 $142 44. Qc6 (44. Qb7 $2 Nf3 $19) 44... Nf3) 44. Nc2 $19 Qd3 45. Ne1 Nxe1 46. Rxe1 Qxb5 {[%mdl 4096] Endgame KQR-KQR} ({Don't do} 46... Rxb5 47. Qf2 $17) 47. Re2 $2 {[#]} (47. h4) 47... Qc5 (47... Rxg3 $142 $1 {[%mdl 512]} 48. Qxg3 Qxe2) 48. Kh2 Re3 49. Rxe3 Qxe3 {KQ-KQ} 50. Qb2 Kg7 51. Kg2 h5 52. h4 g5 53. hxg5 Qxg5 54. Qd4 Qg4 55. Qe3 $2 {Accuracy: White = 63%, Black = 73%.} (55. Qc3) 0-1

[Event "4NCL 2019-20"]
[Site "Daventry"]
[Date "2020.02.08"]
[Round "5"]
[White "Rendle, Thomas E"]
[Black "Kanyamarala, Tarun"]
[Result "1/2-1/2"]
[WhiteElo "2361"]
[BlackElo "2349"]
[Annotator "NA"]
[PlyCount "54"]
[EventDate "2020.01.11"]
[EventCountry "ENG"]
[SourceTitle "playchess.com"]
[Source "ChessBase"]
[SourceQuality "1"]
[TimeControl "40/6000:3000+30"]

1. e4 c5 {[%emt 0:00:00]} 2. Nc3 {[%emt 0:00:00]} Nc6 {[%emt 0:00:00]} 3. Bb5 {[%emt 0:00:00]} Nd4 {[%emt 0:00:00]} 4. Nf3 {[%emt 0:00:00]} a6 {[%emt 0:00:00]} 5. Bd3 {[%emt 0:00:00]} Nc6 {[%emt 0:00:00]} 6. O-O {[%emt 0:00:00]} d6 {[%emt 0:00:00]} 7. Nd5 {[%emt 0:01:13]} g6 {[%emt 0:08:56]} 8. c3 {[%emt 0:01:46]} Bg7 {[%emt 0:01:35]} 9. Bc2 {[%emt 0:03:00]} Bg4 {[%emt 0:06:39]} 10. h3 {[%emt 0:02:29]} Bxf3 {[%emt 0:00:00]} 11. Qxf3 {[%emt 0:00:00]} Nf6 {[%emt 0:00:00]} 12. Nxf6+ {[%emt 0:00:04]} Bxf6 {[%emt 0:00:00]} 13. d3 {[%emt 0:00:06]} O-O $11 {[%emt 0:00:00]} 14. Be3 b5 {[%emt 0:04:03]} 15. a3 Qd7 {[%emt 0:12:22]} 16. Rad1 {[%emt 0:16:29]} Rac8 17. Bb1 {[%emt 0:00:00]} b4 18. d4 {[%emt 0:00:00]} cxd4 19. cxd4 {[%emt 0:00:00]} bxa3 20. bxa3 {[%emt 0:00:00]} Na5 21. Bc1 {[%emt 0:00:00]} Qa4 22. Qd3 {[%emt 0:00:00]} Rc4 23. Be3 {[%emt 0:00:00]} Rfc8 24. Ba2 {[%emt 0:00:00]} Rc2 25. Qxa6 {[%emt 0:00:00]} R8c6 26. Qa8+ {[%emt 0:00:00]} Rc8 27. Qa6 {[%emt 0:00:00]} R8c6 1/2-1/2

[Event "4NCL 2019-20"]
[Site "Daventry"]
[Date "2020.02.08"]
[Round "5"]
[White "Griffiths, Ryan Rhys"]
[Black "Mitchell, Martin"]
[Result "1-0"]
[WhiteElo "2354"]
[BlackElo "2207"]
[Annotator "ChessBase"]
[PlyCount "103"]
[EventDate "2020.01.11"]
[EventCountry "ENG"]
[SourceTitle "playchess.com"]
[Source "ChessBase"]
[SourceQuality "1"]
[TimeControl "40/6000:3000+30"]

1. c4 {[%emt 0:00:00]} Nf6 {[%emt 0:00:00]} 2. g3 {[%emt 0:00:00]} e6 {[%emt 0:00:00]} 3. Bg2 {[%emt 0:00:00]} d5 {[%emt 0:00:00]} 4. Nf3 {[%emt 0:00:00]} Be7 {[%emt 0:00:00]} 5. O-O {[%emt 0:00:00]} O-O {[%emt 0:00:00]} 6. b3 {[%emt 0:00:00]} c5 {[%emt 0:02:21]} 7. cxd5 {[%emt 0:00:00]} Nxd5 {[%emt 0:04:44]} 8. Bb2 {[%emt 0:00:00]} Bf6 {[%emt 0:04:03]} 9. Qc1 {[%emt 0:03:21]} b6 {[%emt 0:05:11]} 10. Nc3 {[%emt 0:07:00]} Nxc3 11. Bxc3 {[%emt 0:01:03]} Bb7 {[%emt 0:05:47]} 12. Rd1 {[%emt 0:13:20]} Nc6 {[%emt 0:07:27]} 13. e3 {[%emt 0:00:00]} Bxc3 {[%emt 0:04:20]} 14. Qxc3 {[%emt 0:00:00]} Qe7 {[%emt 0:00:16]} 15. a3 {[%emt 0:00:20]} Rfd8 {[%emt 0:01:28]} 16. Rab1 {[%emt 0:00:00]} Rac8 17. d3 {[%emt 0:00:00]} Rd7 18. Rd2 {[%emt 0:00:00]} Ba6 19. Ne1 {[%emt 0:00:00]} Bb7 20. b4 {[%emt 0:00:00]} cxb4 21. axb4 {[%emt 0:00:00]} Nd4 22. Qa1 {[%emt 0:00:00]} Bxg2 23. Kxg2 {[%emt 0:00:00]} Nf5 24. Nf3 {[%emt 0:00:00]} Rdc7 25. Ra2 {[%emt 0:00:00]} Nd6 26. b5 {[%emt 0:00:00]} f6 27. d4 {[%emt 0:00:00]} Qd7 28. Qb2 {[%emt 0:00:00]} Nc4 29. Qe2 {[%emt 0:00:00]} Qd5 30. e4 {[%emt 0:00:00]} Qb7 31. Re1 {[%emt 0:00:00]} Na5 32. g4 {[%emt 0:00:00]} Rc3 33. Rd2 {[%emt 0:00:00]} Nb3 34. Rdd1 {[%emt 0:00:00]} Nc1 35. Qd2 {[%emt 0:00:00]} Nd3 36. Re3 {[%emt 0:00:00]} Nf4+ 37. Kf1 {[%emt 0:00:00]} Rc2 38. Qb4 {[%emt 0:00:00]} Nh3 39. Nd2 {[%emt 0:00:00]} Nf4 40. Qb3 {[%emt 0:00:00]} Qc7 41. d5 {[%emt 0:50:22]} exd5 42. exd5 {[%emt 0:00:30]} Kh8 43. d6 {[%emt 0:00:30]} Qd7 44. Re7 {[%emt 0:00:30]} Qxg4 45. Qf3 {[%emt 0:00:30]} Qxf3 46. Nxf3 {[%emt 0:00:30]} Ng6 47. Rxa7 {[%emt 0:00:30]} Rc1 48. Rxc1 {[%emt 0:00:30]} Rxc1+ 49. Ke2 {[%emt 0:00:30]} Rc8 50. Nd4 {[%emt 0:00:30]} Re8+ 51. Kf1 {[%emt 0:00:30]} Nf8 52. Nc6 {[%emt 0:00:30]} 1-0

[Event "4NCL 2019-20"]
[Site "Daventry"]
[Date "2020.02.08"]
[Round "5"]
[White "Bates, Richard A"]
[Black "Astaneh Lopez, Alex"]
[Result "1/2-1/2"]
[WhiteElo "2351"]
[BlackElo "2441"]
[Annotator "ChessBase"]
[PlyCount "88"]
[EventDate "2020.01.11"]
[EventCountry "ENG"]
[SourceTitle "playchess.com"]
[Source "ChessBase"]
[SourceQuality "1"]
[TimeControl "40/6000:3000+30"]

1. d4 {[%emt 0:00:00]} Nf6 {[%emt 0:09:36]} 2. Nf3 {[%emt 0:00:00]} g6 {[%emt 0:00:00]} 3. g3 {[%emt 0:00:00]} Bg7 {[%emt 0:00:05]} 4. c4 {[%emt 0:00:00]} d5 {[%emt 0:00:00]} 5. cxd5 {[%emt 0:00:00]} Nxd5 {[%emt 0:00:00]} 6. Bg2 {[%emt 0:00:00]} Nb6 {[%emt 0:00:00]} 7. O-O {[%emt 0:01:01]} Nc6 {[%emt 0:05:36]} 8. e3 {[%emt 0:00:00]} O-O {[%emt 0:00:00]} 9. Nc3 {[%emt 0:00:00]} e5 {[%emt 0:00:33]} 10. d5 {[%emt 0:02:24]} Na5 {[%emt 0:00:00]} 11. e4 {[%emt 0:05:35]} c6 {[%emt 0:00:00]} 12. h3 {[%emt 0:03:26]} cxd5 {[%emt 0:02:12]} 13. exd5 {[%emt 0:00:10]} Re8 {[%emt 0:14:28]} 14. Re1 {[%emt 0:04:33]} Nac4 {[%emt 0:14:19]} 15. b3 {[%emt 0:27:28]} Nd6 {[%emt 0:05:29]} 16. Bg5 {[%emt 0:04:48]} f6 {[%emt 0:01:39]} 17. Be3 {[%emt 0:00:16]} Bd7 {[%emt 0:16:15]} 18. Rc1 {[%emt 0:05:39]} Rc8 {[%emt 0:00:37]} 19. a4 {[%emt 0:02:12]} Bf8 {[%emt 0:07:17]} 20. g4 {[%emt 0:01:50]} Bg7 {[%emt 0:02:08]} 21. Re2 {[%emt 0:05:46]} e4 {[%emt 0:03:00]} 22. Nd4 {[%emt 0:01:12]} f5 {[%emt 0:00:00]} 23. Rec2 {[%emt 0:03:21]} Qf6 {[%emt 0:03:49]} 24. g5 {[%emt 0:01:54]} Qe7 {[%emt 0:01:37]} 25. a5 {[%emt 0:02:37]} Na8 {[%emt 0:03:09]} 26. Nce2 {[%emt 0:04:15]} Nf7 {[%emt 0:00:57]} 27. h4 {[%emt 0:03:00]} Rxc2 {[%emt 0:01:57]} 28. Rxc2 {[%emt 0:00:01]} Qa3 {[%emt 0:00:21]} 29. Ne6 {[%emt 0:00:32]} Be5 {[%emt 0:01:12]} 30. Bf4 {[%emt 0:05:50]} Qd6 {[%emt 0:02:08]} 31. Bxe5 {[%emt 0:01:53]} Nxe5 {[%emt 0:00:00]} 32. Qd4 {[%emt 0:00:23]} b6 {[%emt 0:00:00]} 33. a6 {[%emt 0:03:15]} Bxe6 {[%emt 0:00:10]} 34. dxe6 {[%emt 0:00:00]} Qxe6 {[%emt 0:00:13]} 35. Rc3 {[%emt 0:03:08]} Nd3 {[%emt 0:00:34]} 36. Rxd3 {[%emt 0:00:45]} exd3 {[%emt 0:00:00]} 37. Bd5 {[%emt 0:00:38]} dxe2 {[%emt 0:00:00]} 38. Bxe6+ {[%emt 0:00:00]} Rxe6 {[%emt 0:00:00]} 39. Qd8+ {[%emt 0:00:00]} Kf7 {[%emt 0:00:00]} 40. Qd7+ {[%emt 0:00:00]} Re7 {[%emt 0:00:00]} 41. Qd5+ {[%emt 0:49:19]} Kf8 {[%emt 0:03:02]} 42. Qd8+ {[%emt 0:00:00]} Re8 {[%emt 0:00:23]} 43. Qd6+ {[%emt 0:00:00]} Kf7 {[%emt 0:00:11]} 44. Qd7+ {[%emt 0:00:00]} Re7 {[%emt 0:49:03]} 1/2-1/2

[Event "4NCL 2019-20"]
[Site "Daventry"]
[Date "2020.02.08"]
[Round "5"]
[White "Taylor, Martin R"]
[Black "Lund, D Brett"]
[Result "0-1"]
[WhiteElo "2345"]
[BlackElo "2265"]
[Annotator "TA"]
[PlyCount "66"]
[EventDate "2020.01.11"]
[EventCountry "ENG"]
[SourceTitle "playchess.com"]
[Source "ChessBase"]
[SourceQuality "1"]

{[%evp 9,124,75,79,75,74,78,81,62,94,92,129,71,56,63,73,9,6,-45,33,-15,-14,-46,-50,-72,-40,-46,-40,-30,-31,-106,-106,-112,-102,-99,-79,-79,-78,-100,-96,-121,-121,-137,-136,-139,-143,-146,-146,-162,-151,-154,-110,-110,-110,-110,-106,-115,-105,-121,-118,-129,-113,-122,-127,-102,-102,-135,-117,-174,-153,-305,-305,-335,-318,-322,-317,-307,-285,-242,-257,-298,-296,-359,-380,-380,-380,-318,-212,-380,-322,-470,-478,-399,-392,-29975,-29976,-29976,-1337,-29964,0,-5265,-5265,-5273,-5222,-4133,-2603,-679,-558,-29978,-2229,-29981,-29982,-29981,-29982,-29983,-29981,-29978,-29980]} 1. d4 d6 2. e4 Nf6 3. f3 c5 4. d5 e5 5. Be3 Be7 6. Qd2 {B07: Pirc Defence: Miscellaneous Systems} O-O 7. c4 Ne8 8. Bd3 {White is better.} Nd7 9. Ne2 g6 10. g4 (10. Bh6 $142) 10... Bh4+ $16 11. Ng3 Ng7 12. Ke2 (12. Bh6 $16) 12... Nf6 $11 13. Rg1 (13. Bh6 $11) 13... h5 ({Black should try} 13... Nxg4 $15 14. fxg4 Bxg4+ 15. Ke1 f5) 14. gxh5 (14. h3 {seems wilder.} Nh7 15. Kd1 Qf6 16. Qg2 Bg5 17. Bd2) 14... Nfxh5 15. Nxh5 Nxh5 16. Nc3 Kh7 17. Kd1 Qf6 18. Kc2 Bh3 19. Bf2 (19. Rac1 $15) 19... Bxf2 $17 20. Qxf2 a6 21. a4 Nf4 22. Ne2 Nxe2 23. Bxe2 Kg7 24. b3 Rh8 25. Rg3 Rh4 26. Bd3 Rah8 27. Rd1 Bd7 28. Rd2 Qf4 29. Qg1 Qh6 30. Rgg2 Rh3 31. Rgf2 Qf4 32. Qh1 b6 33. Bf1 R3h6 {Played: Rh3-h4} 0-1

[Event "4NCL 2019-20"]
[Site "Daventry"]
[Date "2020.02.08"]
[Round "5"]
[White "Macklin, Paul"]
[Black "Turner, Matthew J"]
[Result "1/2-1/2"]
[WhiteElo "2341"]
[BlackElo "2521"]
[Annotator "RC"]
[PlyCount "35"]
[EventDate "2020.01.11"]
[EventCountry "ENG"]
[SourceTitle "playchess.com"]
[Source "ChessBase"]
[SourceQuality "1"]
[TimeControl "40/6000:3000+30"]

1. e4 {[%emt 0:00:00]} e5 {[%emt 0:00:00]} 2. Nf3 {[%emt 0:00:00]} Nc6 {[%emt 0:00:00]} 3. Bc4 {[%emt 0:00:00]} Bc5 {[%emt 0:00:00]} 4. c3 {[%emt 0:00:00]} Nf6 {[%emt 0:00:00]} 5. d3 {[%emt 0:00:00]} O-O {[%emt 0:00:00]} 6. Bb3 {[%emt 0:01:39]} d6 {[%emt 0:00:06]} 7. O-O {[%emt 0:00:32]} h6 {[%emt 0:00:23]} 8. Nbd2 {[%emt 0:08:50]} a6 {[%emt 0:00:28]} 9. h3 {[%emt 0:00:31]} Ba7 {[%emt 0:00:06]} 10. Re1 {[%emt 0:00:00]} Be6 {[%emt 0:02:17]} 11. Nf1 {[%emt 0:01:48]} Bxb3 {[%emt 0:00:00]} 12. Qxb3 {[%emt 0:00:00]} Rb8 {[%emt 0:07:23]} 13. Be3 {[%emt 0:02:23]} Bxe3 {[%emt 0:00:00]} 14. Nxe3 {[%emt 0:00:00]} Kh7 {[%emt 0:00:41]} 15. Rad1 {[%emt 0:04:41]} Qc8 {[%emt 0:06:46]} 16. Nd5 {[%emt 0:01:46]} Nxd5 {[%emt 0:07:07]} 17. exd5 {[%emt 0:00:21]} Ne7 {[%emt 0:00:00]} 18. d4 {[%emt 0:09:04]} 1/2-1/2

[Event "4NCL 2019-20"]
[Site "Daventry"]
[Date "2020.02.08"]
[Round "5"]
[White "Rogers, Jonathan W"]
[Black "Ivell, Nicholas W"]
[Result "1/2-1/2"]
[WhiteElo "2335"]
[BlackElo "2177"]
[Annotator "ChessBase"]
[PlyCount "62"]
[EventDate "2020.01.11"]
[EventCountry "ENG"]
[SourceTitle "playchess.com"]
[Source "ChessBase"]
[SourceQuality "1"]
[TimeControl "40/6000:3000+30"]

1. d4 {[%emt 0:00:00]} d5 {[%emt 0:00:00]} 2. Nf3 {[%emt 0:00:00]} e6 {[%emt 0:00:00]} 3. c4 {[%emt 0:00:00]} c5 {[%emt 0:00:00]} 4. cxd5 {[%emt 0:00:00]} exd5 {[%emt 0:00:00]} 5. g3 {[%emt 0:00:54]} Nc6 {[%emt 0:00:00]} 6. Bg2 {[%emt 0:00:00]} Nf6 {[%emt 0:00:00]} 7. O-O {[%emt 0:00:00]} Be7 {[%emt 0:00:00]} 8. Nc3 {[%emt 0:00:00]} O-O {[%emt 0:00:00]} 9. Be3 {[%emt 0:00:00]} c4 {[%emt 0:03:36]} 10. Ne5 {[%emt 0:00:00]} Be6 {[%emt 0:07:41]} 11. Nxc4 {[%emt 0:00:00]} dxc4 {[%emt 0:00:07]} 12. d5 {[%emt 0:00:00]} Nxd5 {[%emt 0:01:34]} 13. Nxd5 {[%emt 0:00:00]} Bd6 {[%emt 0:05:46]} 14. Qa4 {[%emt 0:27:18]} Be5 15. Rad1 {[%emt 0:00:00]} Rb8 16. Qxc4 {[%emt 0:00:00]} Qa5 17. b4 {[%emt 0:00:00]} Qa4 18. f4 {[%emt 0:00:00]} Bd6 19. f5 {[%emt 0:00:00]} Bxd5 20. Qxd5 {[%emt 0:00:00]} Bxb4 21. f6 {[%emt 0:00:00]} Rfd8 22. Qg5 {[%emt 0:00:00]} g6 23. Bd5 {[%emt 0:00:00]} Bf8 24. Rd2 {[%emt 0:00:00]} Nb4 25. Bb3 {[%emt 0:00:00]} Qc6 26. Rfd1 {[%emt 0:00:00]} Rxd2 27. Rxd2 {[%emt 0:00:00]} Re8 28. Bf2 {[%emt 0:00:00]} Qc1+ 29. Kg2 {[%emt 0:00:00]} Qc6+ 30. Kg1 {[%emt 0:00:00]} Qc1+ 31. Kg2 {[%emt 0:00:00]} Qc6+ 1/2-1/2